Sudden Death: Bandiere con il ROSSO - Statistics

Statistiche generali
  • Questo quiz è stato fatto 162 volte
    103 dall'ultimo reset
  • Il punteggio medio è 7 su 12
Answers on the Grid
Answers color-coded by a green-red scale on the quiz's grid according to % correct below.
Libia
Chad
Ucraine
Stati Uniti
Grecia
Liberia
Cipro
Mali
Estonia
Svezia
Bahrain
Afghanistan
Italia
Cile
Bhutan
Irlanda
Kazakistan
India
Bielorussia
Tanzania
Norvegia
Gabon
Maldive
Marocco
 
Statistiche sulle risposte
Risposta % Corretto
Stati Uniti
88%
Italia
72%
Liberia
63%
Bahrain
61%
Chad
59%
Norvegia
59%
Marocco
58%
Cile
55%
Mali
47%
Libia
42%
Bielorussia
41%
Maldive
34%
Nessun quiz corrispondente trovato
Distribuzione punteggi
Percentuale di utenti per punteggio
Percentile per numero di risposta
I tuoi punteggi nel tempo
Non hai fatto questo quiz dall'ultimo reset